The People of the Mist

Detalles Bibliográficos
Autor principal: H. R. Haggard
Sumario:Книга находится в премиум-версии платформы «Русский как иностранный».
The People of the Mist is a classic lost race fantasy novel. It is the tale of a British adventurer seeking wealth in the wilds of Africa, finding romance, and discovering a lost race and its monstrous god. In the novel Penniless Leonard Outram attempts to redress the undeserved loss of his family estates and fiancee by seeking his fortune in Africa. In the course of his adventures he and his Zulu companion Otter save a young Portuguese woman, Juanna Rodd, together with her nursemaid Soa, from slavery. Leonard and Juanna are plainly attracted to each other, but prone to bickering, and their romance is impeded by the watchful and jealous Soa. The protagonists seek the legendary People of the Mist, said to possess a fabulous hoard of jewels.
Publicado: Москва, T8RUGRAM, 2018
Materias:
Acceso en línea:Перейти к просмотру издания
Formato: MixedMaterials Electrónico

MARC

LEADER 00000 a2200000 4500
001 RU/ROS-EDU.RU/84803
856 4 |u https://www.ros-edu.ru/book?id=84803  |z Перейти к просмотру издания 
010 |a 978-5-521-06604-9 
100 |a 20180101d2018 |||y0rusy0250  
105 |a y z 000zy 
101 0 |a rus 
102 |a RU 
200 1 |a The People of the Mist  |b Электронный ресурс  |f H. R. Haggard 
700 1 |b H. R.  |a Haggard  |4 070 
330 |a The People of the Mist is a classic lost race fantasy novel. It is the tale of a British adventurer seeking wealth in the wilds of Africa, finding romance, and discovering a lost race and its monstrous god. In the novel Penniless Leonard Outram attempts to redress the undeserved loss of his family estates and fiancee by seeking his fortune in Africa. In the course of his adventures he and his Zulu companion Otter save a young Portuguese woman, Juanna Rodd, together with her nursemaid Soa, from slavery. Leonard and Juanna are plainly attracted to each other, but prone to bickering, and their romance is impeded by the watchful and jealous Soa. The protagonists seek the legendary People of the Mist, said to possess a fabulous hoard of jewels. 
210 |a Москва  |c T8RUGRAM  |d 2018 
610 1 |a художественная литература 
610 1 |a английский язык 
610 1 |a зарубежная проза 
610 1 |a классика 
610 1 |a роман 
675 |a 82 
686 |a 84  |2 rubbk 
300 |a Книга находится в премиум-версии платформы «Русский как иностранный». 
215 |a 523 с.